Κατάλογος Βιβλιοθηκών Mediterranean College

Foundations of Corporate Success / How Business Strategies Add Value (Record no. 3324)

MARC details
000 -LEADER
fixed length control field 01384cam a22001934a 4500
005 - ΗΜΕΡΟΜΗΝΙΑ ΚΑΙ ΩΡΑ ΤΕΛΕΥΤΑΙΑΣ ΕΝΗΜΕΡΩΣΗΣ
Πεδίο ελέγχου 20250605164112.0
008 - FIXED-LENGTH DATA ELEMENTS--GENERAL INFORMATION
Πεδίο ελέγχου σταθερού μήκους 250528s ||||||||||||||||||||||||d
035 ## - SYSTEM CONTROL NUMBER
System control number 17925
020 ## - ISBN
ISBN 19828988
040 ## - ΠΗΓΗ ΚΑΤΑΛΟΓΟΓΡΑΦΗΣΗΣ
Φορέας πρωτότυπης καταλογογράφησης MC Athens Campus Library
Γλώσσα καταλογογράφησης Ελληνικά, Μοντέρνα (1453-)
Modifying agency MC Athens Campus Library
Κανόνες περιγραφικής καταλογογράφησης AACR2
245 1# - ΤΙΤΛΟΣ ΚΑΙ ΔΗΛΩΣΗ ΥΠΕΥΘΥΝΟΤΗΤΑΣ
Τίτλος Foundations of Corporate Success / How Business Strategies Add Value
260 ## - PUBLICATION, DISTRIBUTION, ETC.
Name of publisher, distributor, etc. Oxford University Press,
Date of publication, distribution, etc. 1993
300 ## - PHYSICAL DESCRIPTION
Extent 416
520 ## - SUMMARY, ETC.
Summary, etc. A fresh and insightful approach, blending theory and case studies, to the links between corporate culture, strategy and success. List of Figures and Tables, Corporate Success, The Structure of Strategy, Adding Value, Business Relationships, Co-operations and Co-ordination, Relationships and Contracts, Distinctive Capabilities, Architecture, Reputation, Innovation, Strategic Assets, From Distinctive Capabilities to Competitive Advantage, Markets, Mergers, Sustainability, Appropriability, The Value of Competitive Advantage, Appendix: Added Value Statements, Competitive Strategies, Pricing and Positioning, Advertising and Branding, Vertical Relationships, The Strategic Audit, The Industry, The Firm, The Nation, The Future of Strategy, A Brief History of Business Strategy, Conclusions, Value of Eco at 1st January 1992, Glossary, Bibliography, Index of Companies, General Index.
700 1# - ΠΡΟΣΘΕΤΗ ΑΝΑΓΡΑΦΗ--ΦΥΣΙΚΟ ΠΡΟΣΩΠΟ
Personal name Kay John
9 (RLIN) 4224
942 ## - ADDED ENTRY ELEMENTS (KOHA)
Koha item type Books
Holdings
Τύπος τεκμηρίου Βιβλιοθήκη Τρέχουσα τοποθεσία Barcode Αριθμός εισαγωγής Ημερομηνία απόκτησης Ταξιθετικό σύμβολο Αριθμός αντιτύπου Κατάσταση απόσυρσης Κατάσταση χαμένου Κατάσταση κατεστραμμένου Μη δανεισμός Σύνολο δανεισμών Ημερομηνία τελευταίας εμφάνισης Η τιμή ισχύει από
Books MC Athens Campus Library MC Athens Campus Library 9780000033239 1695 05/06/2025 658.4/012 KAY 2           05/06/2025 05/06/2025

MC Athens Campus Library
Πατησίων 94 & Κοδριγκτώνος 13, 104 34
Πελλήνης 8 & Πατησίων 107, 112 51
Τ: +30 210 8899600

MC Thessaloniki Campus Library
Ίωνος Δραγούμη 21, 54625 | Ίωνος Δραγούμη 15, 54625
Τ: +30 2310 287779 – Τ: +30 2314 440300